000 00381pab a2200157 454500
008 180718b2015 xxu||||| |||| 00| 0 eng d
100 _aAnand Kumar
245 _aAam Adami party today - crisis of success
260 _c2015
300 _ap.9-10,32.
362 _a9 May
650 _aAam Adami party
650 _aPolitical parties
773 _aMainstream
909 _a107877
999 _c107872
_d107872